000 00400nam a2200145Ia 4500
008 100122s9999 xx 000 0 und d
082 _b52168
_a824
100 _aतेंडुलकर प्रिया
245 _aअसंही
260 _bडिंपल पब्लिकेशन
_c1996
300 _a158
630 _aअसंही
730 _aअसंही
942 _cBOOK
999 _c429439
_d429436